header

The writing of weddings in middle-period China (Record no. 78331)

MARC details
000 -LEADER
fixed length control field 01540nam a2200361Ia 4500
082 04 - DEWEY DECIMAL CLASSIFICATION NUMBER
Classification number 392.50951
100 1# - MAIN ENTRY--AUTHOR NAME
Personal name De Pee, Christian.
245 14 - TITLE STATEMENT
Title The writing of weddings in middle-period China
260 ## - PUBLICATION, DISTRIBUTION, ETC. (IMPRINT)
Place of publication Albany :
Name of publisher State University of New York Press,
Year of publication c2007.
300 ## - PHYSICAL DESCRIPTION
Number of Pages xiv, 365 p. :
Other physical details ill.
490 1# - SERIES STATEMENT
Series statement SUNY series in Chinese philosophy and culture
650 #0 - SUBJECT ADDED ENTRY--TOPICAL TERM
Topical Term Marriage customs and rites
Topical Term Weddings in literature.
856 40 - ELECTRONIC LOCATION AND ACCESS
Uniform Resource Identifier http://site.ebrary.com/lib/rucke/Doc?id=10575780

No items available.

© 2026 Rongo University
Contact us: librarian | system librarian | Rongo university